Quaresma entera, que contiene los sermones de todas las Dominicanas, y Ferias de Quaresma (Record no. 8376)

MARC details
000 -CABECERA
campo de control de longitud fija 01448nam a2200253 a 4500
001 - NÚMERO DE CONTROL
campo de control BRCA_8724
005 - FECHA Y HORA DE LA ÚLTIMA TRANSACCIÓN
campo de control 20190320210359.0
008 - DATOS DE LONGITUD FIJA--INFORMACIÓN GENERAL
campo de control de longitud fija 150217s1741----sp-#######---#000-0#spa-#
041 ## - CÓDIGO DE LENGUA
Código de lengua del texto/banda sonora o título independiente spa
044 ## - CÓDIGO DEL PAÍS DE LA ENTIDAD EDITORA/PRODUCTORA
Código MARC del país sp
084 ## - OTRO NÚMERO DE CLASIFICACIÓN
Número de clasificación BE68
Número de documento/Ítem .B66 1741
100 1# - ENTRADA PRINCIPAL--NOMBRE DE PERSONA
Nombre de persona Bono y Casa, Francisco
9 (RLIN) 21721
245 10 - MENCIÓN DE TÍTULO
Título Quaresma entera, que contiene los sermones de todas las Dominicanas, y Ferias de Quaresma
Resto del título obra utilíssima a todos los curas, misioneros y predicadores Evangelicos, para extirpar los vicios, y plantar las virtudes
Mención de responsabilidad, etc. su autor el muy R.P.M. Francisco Bono, de la Compañía de Jesús, Cathedratico que fue Prima en su Colegio de San Pablo, Provincial de los Reynos de Aragón, Examinador Synodal de este Arzobispado Calificador del S. Oficio.
260 ## - PUBLICACIÓN, DISTRIBUCIÓN, ETC.
Lugar de publicación, distribución, etc. Valencia
Nombre del editor, distribuidor, etc. Por Joseph Estevan Dolz
Fecha de publicación, distribución, etc. 1741
300 ## - DESCRIPCIÓN FÍSICA
Extensión [2], [5], 589 p. (t.2)
Dimensiones 20.5 x 15 cm
500 ## - NOTA GENERAL
Nota general En portada: obra posthuma que se dedica al muy IL.E Sr. Don Pedro Antonio de Arenaza y Garate, Oficial, Vicario General, y Gobernador que fue de este Arzobispado, Inquisidor Fiscal de la Inquisición del Reyno de Valencia &c.
500 ## - NOTA GENERAL
Nota general Estado físico: presenta lomo desprendido, algunas hojas incompletas, cintas rotas y presencia del pez de plata
650 14 - PUNTO DE ACCESO ADICIONAL DE MATERIA--TÉRMINO DE MATERIA
Término de materia o nombre geográfico como elemento de entrada Sermones de cuaresma
9 (RLIN) 21531
650 14 - PUNTO DE ACCESO ADICIONAL DE MATERIA--TÉRMINO DE MATERIA
Término de materia o nombre geográfico como elemento de entrada Cuaresma
Subdivisión general Sermones
9 (RLIN) 21287
650 14 - PUNTO DE ACCESO ADICIONAL DE MATERIA--TÉRMINO DE MATERIA
Término de materia o nombre geográfico como elemento de entrada Iglesia católica
Subdivisión general Sermones
9 (RLIN) 21286
700 1# - PUNTO DE ACCESO ADICIONAL--NOMBRE DE PERSONA
Nombre de persona Arenaza y Garate, Pedro Antonio de
9 (RLIN) 21722
902 ## - CATALOGADOR
Iniciales CFM
942 ## - ELEMENTOS DE PUNTO DE ACCESO ADICIONAL (KOHA)
Fuente del sistema de clasificación o colocación Library of Congress Classification
Tipo de ítem Koha Libros
Holdings
Estado de retiro Estado de pérdida Estado dañado No para préstamo Localización permanente Ubicación/localización actual Fecha de adquisición Total de préstamos Signatura topográfica completa Código de barras Fecha visto por última vez Precio válido a partir de Tipo de ítem Koha
El ejemplar forma parte de la colección y puede ser consultado según las políticas vigentes.       Biblioteca del Museo Franz Mayer (Rogerio Casas-Alatriste) Biblioteca del Museo Franz Mayer (Rogerio Casas-Alatriste) 15/02/2017   BE68 .B66 1741 CFM00060 22/03/2019 22/03/2019 Libros